[Event "EU-chT Seniors 15th"]
[Site "Dresden"]
[Date "2013.07.27"]
[Round "8"]
[White "Glasewald, Stefan"]
[Black "Stuerzenbaum, Arthur"]
[Result "1/2-1/2"]
[WhiteElo "2075"]
[BlackElo "2156"]
[PlyCount "36"]
[EventDate "2013.07.20"]
[EventType "team-swiss"]
[EventRounds "9"]
[EventCountry "GER"]
[SourceTitle "CBM 155 Extra"]
[Source "ChessBase"]
[SourceDate "2013.08.26"]
[SourceVersion "1"]
[SourceVersionDate "2013.08.26"]
[SourceQuality "1"]
[WhiteTeam "Dresden Striesen"]
[BlackTeam "Salzburg"]
[WhiteTeamCountry "GER"]
[BlackTeamCountry "AUT"]

1. d4 Nf6 2. Nc3 d5 3. Bg5 Nbd7 4. Nf3 g6 5. Ne5 Bg7 6. g3 0-0 7. Qd2 c6 8. h4 Qc7 9. Bf4 Nxe5 10. Bxe5 Qd8 11. g4 h6 12. g5 hxg5 13. hxg5 Nh5 14. Bxg7 Kxg7 15. 0-0-0 Qd6 16. e4 Bd7 17. e5 Qc7 18. Bd3 Rh8 1/2-1/2

[Event "EU-chT Seniors 12th"]
[Site "Dresden"]
[Date "2010.02.11"]
[Round "2"]
[White "Stuerzenbaum, Arthur"]
[Black "Versteeg, Cees"]
[Result "1/2-1/2"]
[WhiteElo "2192"]
[BlackElo "2052"]
[PlyCount "48"]
[EventDate "2010.02.10"]
[EventType "team-swiss"]
[EventRounds "9"]
[EventCountry "GER"]
[SourceTitle "CBM 134 Extra"]
[Source "ChessBase"]
[SourceDate "2010.03.03"]
[SourceVersion "1"]
[SourceVersionDate "2010.03.03"]
[SourceQuality "1"]
[WhiteTeam "Vienna (Seniors) II"]
[BlackTeam "Oranje (Seniors) II"]
[WhiteTeamCountry "AUT"]
[BlackTeamCountry "NED"]

1. e4 c5 2. Nf3 Nc6 3. d4 cxd4 4. Nxd4 Nf6 5. Nc3 e5 6. Ndb5 Bb4 7. a3 Bxc3+ 8. Nxc3 h6 9. Be3 d6 10. Be2 0-0 11. 0-0 Be6 12. Bf3 Qd7 13. Qd2 Ng4 14. Bxg4 Bxg4 15. f3 Be6 16. Rad1 Na5 17. Nd5 Nc4 18. Qc1 Bxd5 19. Rxd5 Nxe3 20. Qxe3 Qc6 21. Rf2 Rfd8 22. Rfd2 Kf8 23. h3 Ke7 24. Kh1 g5 1/2-1/2

[Event "EU-chT Seniors 11th"]
[Site "Velden"]
[Date "2009.04.05"]
[Round "1"]
[White "Stuerzenbaum, Arthur"]
[Black "Regatschnig, Horst"]
[Result "1/2-1/2"]
[WhiteElo "2189"]
[BlackElo "1883"]
[PlyCount "37"]
[EventDate "2009.04.05"]
[EventType "team-swiss"]
[EventRounds "9"]
[EventCountry "AUT"]
[SourceTitle "CBM 129 Extra"]
[Source "ChessBase"]
[SourceDate "2009.05.05"]
[SourceVersion "2"]
[SourceVersionDate "2009.05.20"]
[SourceQuality "1"]

1. e4 c5 2. Nf3 Nc6 3. d4 cxd4 4. Nxd4 e5 5. Nb5 d6 6. N1c3 a6 7. Na3 b5 8. Nd5 f5 9. Bd3 f4 10. c4 bxc4 11. Nxc4 Rb8 12. 0-0 Nf6 13. Qa4 Bd7 14. Qa3 Nxd5 15. exd5 Nb4 16. Bd2 Nxd3 17. Qxd3 Bb5 18. Rfc1 Be7 19. h3 1/2-1/2

[Event "EU-chT Seniors 10th"]
[Site "Dresden"]
[Date "2008.02.19"]
[Round "9.2"]
[White "Stuerzenbaum, Arthur"]
[Black "Olejarczyk, Bogdan"]
[Result "1/2-1/2"]
[WhiteElo "2198"]
[BlackElo "2163"]
[PlyCount "54"]
[EventDate "2008.02.11"]
[EventType "team-swiss"]
[EventRounds "9"]
[EventCountry "GER"]
[SourceTitle "CBM 122 Extra"]
[Source "ChessBase"]
[SourceDate "2008.03.04"]
[SourceVersion "1"]
[SourceVersionDate "2008.03.04"]
[SourceQuality "1"]
[WhiteTeam "Salzburg"]
[BlackTeam "Mazowsze"]
[WhiteTeamCountry "AUT"]
[BlackTeamCountry "POL"]

1. e4 c5 2. Nf3 d6 3. d4 cxd4 4. Nxd4 Nf6 5. Nc3 a6 6. Bc4 e6 7. Bb3 Qc7 8. 0-0 b5 9. Re1 Be7 10. Qf3 0-0 11. Qg3 Nc6 12. Nxc6 Qxc6 13. Bh6 Ne8 14. Rad1 Kh8 15. Bg5 Ra7 16. Bxe7 Rxe7 17. f3 b4 18. Ne2 a5 19. c3 a4 20. Bc2 a3 21. bxa3 bxa3 22. Kh1 Ba6 23. Bb3 Qc5 24. Rc1 Bxe2 25. Rxe2 Nc7 26. Rd2 Kg8 27. Rcd1 d5 1/2-1/2

[Event "EU-chT Seniors 09th"]
[Site "Dresden"]
[Date "2007.02.22"]
[Round "7"]
[White "Vucenovic, Dragomir"]
[Black "Stuerzenbaum, Arthur"]
[Result "1/2-1/2"]
[WhiteElo "2290"]
[BlackElo "2208"]
[PlyCount "117"]
[EventDate "2007.02.16"]
[EventType "team-swiss"]
[EventRounds "9"]
[EventCountry "GER"]
[SourceTitle "CBM 117 Extra"]
[Source "ChessBase"]
[SourceDate "2007.05.09"]
[SourceVersion "1"]
[SourceVersionDate "2007.05.09"]
[SourceQuality "1"]

1. d4 Nf6 2. Nf3 g6 3. g3 Bg7 4. Bg2 d6 5. 0-0 0-0 6. c4 Nbd7 7. Nc3 e5 8. h3 c6 9. e4 Qb6 10. d5 Nc5 11. Re1 cxd5 12. cxd5 Bd7 13. Rb1 a5 14. Be3 Rfc8 15. Bf1 Ne8 16. Nd2 Qd8 17. a4 f5 18. Nc4 Bf8 19. b4 axb4 20. Rxb4 Rc7 21. Nb6 Rb8 22. Nxd7 Rxd7 23. Qb1 Rf7 24. exf5 gxf5 25. Rb6 Kh8 26. a5 Ra8 27. Bxc5 dxc5 28. Rxb7 Rxb7 29. Qxb7 Qxa5 30. Nb5 Nd6 31. Nxd6 Bxd6 32. Qc6 Rd8 33. Rb1 Qc7 34. Rb7 Qxc6 35. dxc6 Rc8 36. Bb5 Rc7 37. Rb8+ Kg7 38. Kg2 Rxc6 39. Rd8 Rb6 40. Bc4 e4 41. h4 h6 42. Rg8+ Kf6 43. Rh8 Kg7 44. Rg8+ Kh7 45. Rd8 Kg7 46. Rg8+ Kh7 47. Rd8 Kg7 48. Rg8+ Kf6 49. Rh8 Ke5 50. Rxh6 Kd4 51. Bg8 c4 52. Bxc4 Kxc4 53. Rf6 Bc5 54. Rxf5 Bd4 55. g4 Rb2 56. Kg3 Rb3+ 57. Kg2 Rb2 58. Kg3 Rb3+ 59. Kg2 1/2-1/2

[Event "EU-chT Seniors 09th"]
[Site "Dresden"]
[Date "2007.02.20"]
[Round "5"]
[White "Khanukov, Boris"]
[Black "Stuerzenbaum, Arthur"]
[Result "1/2-1/2"]
[WhiteElo "2374"]
[BlackElo "2208"]
[PlyCount "92"]
[EventDate "2007.02.16"]
[EventType "team-swiss"]
[EventRounds "9"]
[EventCountry "GER"]
[SourceTitle "CBM 117 Extra"]
[Source "ChessBase"]
[SourceDate "2007.05.09"]
[SourceVersion "1"]
[SourceVersionDate "2007.05.09"]
[SourceQuality "1"]

1. d4 Nf6 2. c4 g6 3. Nc3 Bg7 4. e4 d6 5. f4 0-0 6. Nf3 c5 7. dxc5 Qa5 8. Bd3 Qxc5 9. Qe2 Nc6 10. Be3 Qa5 11. 0-0 Ng4 12. Bd2 Qb6+ 13. Kh1 Qxb2 14. Rab1 Qa3 15. Nb5 Qxa2 16. h3 Nf6 17. e5 dxe5 18. Ra1 Qb2 19. Rfb1 Qxa1 20. Rxa1 e4 21. Bc3 exd3 22. Qxd3 Bf5 23. Qe3 Rfd8 24. Nbd4 Nxd4 25. Bxd4 Be6 26. Rxa7 Rxa7 27. Bxa7 Bxc4 28. Qxe7 Re8 29. Qxb7 Bd5 30. Qb5 Bxf3 31. gxf3 Rd8 32. Bb8 Rd1+ 33. Kg2 Nd7 34. Be5 Bxe5 35. fxe5 Nf8 36. Qe8 Kg7 37. Qe7 Rd4 38. Kf2 Ne6 39. Ke3 Ra4 40. h4 h5 41. Kf2 Rf4 42. Kg3 Rf5 43. Qd6 Nf8 44. Qd4 Ne6 45. Qe3 Kh7 46. Kf2 Kg7 1/2-1/2

[Event "EU-chT Seniors 09th"]
[Site "Dresden"]
[Date "2007.02.18"]
[Round "3"]
[White "Titz, Heimo"]
[Black "Stuerzenbaum, Arthur"]
[Result "1-0"]
[WhiteElo "2261"]
[BlackElo "2208"]
[PlyCount "95"]
[EventDate "2007.02.16"]
[EventType "team-swiss"]
[EventRounds "9"]
[EventCountry "GER"]
[SourceTitle "CBM 117 Extra"]
[Source "ChessBase"]
[SourceDate "2007.05.09"]
[SourceVersion "1"]
[SourceVersionDate "2007.05.09"]
[SourceQuality "1"]

1. c4 g6 2. e4 d6 3. d4 Nf6 4. Nc3 Bg7 5. Nf3 0-0 6. Be2 e5 7. d5 Na6 8. Nd2 Ne8 9. Rb1 f5 10. b4 c5 11. dxc6 bxc6 12. 0-0 Nac7 13. Bf3 f4 14. Bg4 h5 15. Bxc8 Qxc8 16. b5 c5 17. f3 Ne6 18. Nd5 Qd8 19. Nb3 Nd4 20. Nxd4 cxd4 21. a4 Rf7 22. Qb3 Nc7 23. Bd2 Ne6 24. Bb4 g5 25. h3 Bf8 26. a5 Nc5 27. Bxc5 dxc5 28. b6 axb6 29. axb6 Rb8 30. Qb5 Qd6 31. Qb3 Be7 32. Rb2 Bd8 33. Rfb1 Rfb7 34. Qa3 Be7 35. Rb5 Bf8 36. Ra5 Qd8 37. Ra7 Bd6 38. Rxb7 Rxb7 39. Ra1 Qb8 40. Qa4 Qc8 41. Ra3 Kf7 42. Qd1 Bb8 43. Qa1 Ke6 44. Ra7 Kf7 45. Rxb7+ Qxb7 46. Qa4 Kf8 47. Qb5 Kf7 48. Qxc5 1-0

[Event "EU-chT Seniors 08th"]
[Site "Dresden"]
[Date "2006.02.17"]
[Round "1"]
[White "Stuerzenbaum, Arthur"]
[Black "Reinholz, Siegfried"]
[Result "1-0"]
[WhiteElo "2212"]
[BlackElo "2081"]
[PlyCount "45"]
[EventDate "2006.02.17"]
[EventType "team-swiss"]
[EventRounds "8"]
[EventCountry "GER"]
[SourceTitle "CBM 111 Extra"]
[Source "ChessBase"]
[SourceDate "2006.05.09"]
[SourceVersion "1"]
[SourceVersionDate "2006.05.09"]
[SourceQuality "1"]
[WhiteTeam "Salzburg"]
[BlackTeam "Sachsen Anhalt II"]
[WhiteTeamCountry "AUT"]
[BlackTeamCountry "GER"]

1. e4 e5 2. Nf3 Nc6 3. Nc3 d6 4. d4 exd4 5. Nxd4 Bd7 6. Bb5 a6 7. Bxc6 bxc6 8. 0-0 Be7 9. Qf3 c5 10. Nf5 Bxf5 11. exf5 Nf6 12. Qc6+ Kf8 13. Bg5 Ng8 14. Bxe7+ Nxe7 15. Qf3 f6 16. Rfe1 Rb8 17. Re6 Rb6 18. Rae1 Nc6 19. Qe4 Kf7 20. Na4 Qd7 21. Qd5 Kf8 22. Nxb6 cxb6 23. Rxd6 1-0

[Event "Wch Seniors 14th"]
[Site "Halle"]
[Date "2004.10.28"]
[Round "5"]
[White "Tredup, Uwe"]
[Black "Stuerzenbaum, Arthur"]
[Result "0-1"]
[WhiteElo "1977"]
[BlackElo "2206"]
[PlyCount "84"]
[EventDate "2004.10.24"]
[EventType "swiss"]
[EventRounds "11"]
[EventCountry "GER"]
[SourceTitle "EXT 2005"]
[Source "ChessBase"]
[SourceDate "2004.11.15"]
[SourceVersion "1"]
[SourceVersionDate "2004.11.15"]
[SourceQuality "1"]

1. e4 d5 2. exd5 Qxd5 3. Nc3 Qa5 4. Nf3 Nf6 5. Bc4 c6 6. Qe2 Bf5 7. a3 e6 8. Nd4 Bg6 9. Nb3 Qc7 10. d4 Nbd7 11. Bg5 Be7 12. Bd3 Bxd3 13. Qxd3 0-0 14. f3 Rfe8 15. 0-0-0 a5 16. g3 b5 17. Bf4 Qb7 18. Ne4 Nxe4 19. fxe4 a4 20. Nd2 Rec8 21. Nb1 c5 22. d5 c4 23. Qe2 e5 24. Be3 b4 25. Kd2 c3+ 26. bxc3 bxa3 27. Ke1 a2 28. Nd2 Rxc3 29. Kf2 Rxc2 30. Qd3 Rac8 31. d6 R2c3 32. Qxc3 Rxc3 33. dxe7 Rc8 34. Nc4 a1Q 35. Rxa1 Nf6 36. Nd6 Rc2+ 37. Kf3 Qxe7 38. Rxa4 h6 39. Rd1 Qd7 40. Ra8+ Kh7 41. h3 Qxh3 42. Rd2 Qg4+ 0-1

[Event "Wch Seniors 14th"]
[Site "Halle"]
[Date "2004.10.26"]
[Round "3"]
[White "Schneider, Siegfried"]
[Black "Stuerzenbaum, Arthur"]
[Result "1/2-1/2"]
[WhiteElo "2019"]
[BlackElo "2206"]
[PlyCount "76"]
[EventDate "2004.10.24"]
[EventType "swiss"]
[EventRounds "11"]
[EventCountry "GER"]
[SourceTitle "EXT 2005"]
[Source "ChessBase"]
[SourceDate "2004.11.15"]
[SourceVersion "1"]
[SourceVersionDate "2004.11.15"]
[SourceQuality "1"]

1. e4 d5 2. exd5 Qxd5 3. Nc3 Qa5 4. Nf3 Nf6 5. d4 c6 6. Bc4 Bf5 7. Bd2 e6 8. Bb3 Qb6 9. h3 Nbd7 10. Qe2 Bb4 11. 0-0-0 0-0-0 12. Na4 Bxd2+ 13. Rxd2 Qc7 14. Nc3 Kb8 15. Nh4 Bg6 16. Nxg6 hxg6 17. Qf3 Ka8 18. Re1 Nb6 19. Ne4 Nxe4 20. Qxe4 Rd7 21. Red1 Qd8 22. c4 Rh5 23. Kb1 a6 24. Rd3 Rf5 25. f3 Rh5 26. f4 Rh8 27. g4 Rh4 28. d5 exd5 29. cxd5 cxd5 30. Bxd5 Nxd5 31. Rxd5 Rxd5 32. Rxd5 Qb6 33. Qf3 Rh8 34. Rd7 Re8 35. a3 Re1+ 36. Ka2 Qe6+ 37. Qd5 Qxd5+ 38. Rxd5 Re2 1/2-1/2

[Event "EU-chT Seniors 06th"]
[Site "Dresden"]
[Date "2004.02.26"]
[Round "5.3"]
[White "Schroeder, Christian"]
[Black "Stuerzenbaum, Arthur"]
[Result "0-1"]
[WhiteElo "2102"]
[BlackElo "2239"]
[PlyCount "82"]
[EventDate "2004.02.22"]
[EventType "team-swiss"]
[EventRounds "7"]
[EventCountry "GER"]
[SourceTitle "CBM 099 Extra"]
[Source "ChessBase"]
[SourceDate "2004.05.04"]
[SourceVersion "1"]
[SourceVersionDate "2004.05.04"]
[SourceQuality "1"]
[WhiteTeam "Mecklenburg Vorpommern"]
[BlackTeam "Salzburg ASVO"]
[WhiteTeamCountry "GER"]
[BlackTeamCountry "AUT"]

1. d4 Nf6 2. Bg5 g6 3. Bxf6 exf6 4. c4 Bg7 5. e3 f5 6. Nf3 0-0 7. Be2 d6 8. Nc3 Nd7 9. 0-0 Nf6 10. Nd2 Re8 11. Bf3 c6 12. b4 Qe7 13. Rc1 h5 14. d5 Bd7 15. Re1 Ng4 16. dxc6 bxc6 17. g3 Rac8 18. Nb3 Ne5 19. Be2 Be6 20. Na4 h4 21. Nd4 Bd7 22. c5 hxg3 23. hxg3 d5 24. Nb2 Ng4 25. Bf1 f4 26. Qf3 fxe3 27. fxe3 Qg5 28. Bh3 Rxe3 29. Rxe3 Bxd4 30. Rce1 Bxe3+ 31. Rxe3 Qxe3+ 32. Qxe3 Nxe3 33. Bxd7 Rc7 34. Bh3 Nc2 35. Nd3 Rb7 36. Ne5 Nxb4 37. a3 Nc2 38. Nxc6 Rc7 39. Nb4 Rxc5 40. Bg2 Nxb4 41. axb4 Rb5 0-1

[Event "AUT-chT Seniors 2nd"]
[Site "Maria Alm"]
[Date "2003.09.11"]
[Round "4"]
[White "Koelldorfer, Franz"]
[Black "Stuerzenbaum, Arthur"]
[Result "1/2-1/2"]
[WhiteElo "1969"]
[BlackElo "2191"]
[PlyCount "97"]
[EventDate "2003.09.??"]
[EventType "team"]
[EventRounds "5"]
[EventCountry "AUT"]
[SourceTitle "EXT 2006"]
[Source "ChessBase"]
[SourceDate "2005.11.24"]
[SourceVersion "1"]
[SourceVersionDate "2005.11.24"]
[SourceQuality "1"]

1. d4 Nf6 2. Nf3 g6 3. Bg5 Bg7 4. Nbd2 0-0 5. e4 d5 6. e5 Ne4 7. Be3 c5 8. c3 Nc6 9. Bd3 Bf5 10. Qe2 cxd4 11. cxd4 Nb4 12. Bb1 Nxd2 13. Qxd2 Bxb1 14. Rxb1 Qb6 15. a3 Nc6 16. 0-0 Na5 17. b3 Rac8 18. Qb4 Qxb4 19. axb4 Nc6 20. b5 Nb4 21. Ra1 a6 22. Ra4 Nc2 23. bxa6 bxa6 24. Rxa6 Nxe3 25. fxe3 Rc3 26. Rb1 Bh6 27. b4 Bxe3+ 28. Kh1 Rb8 29. g3 Rb5 30. Ra5 Rxa5 31. bxa5 Ra3 32. Rb5 e6 33. Kg2 Ra2+ 34. Kh3 h5 35. Rb3 Bh6 36. Rb5 Kg7 37. g4 Ra3 38. Kg3 hxg4 39. Kxg4 Ra4 40. Kg3 Be3 41. Rb3 Bh6 42. Rb5 Bc1 43. h4 Ba3 44. Rb7 Bc1 45. Rb5 Ra3 46. Kf2 Kh6 47. Ke2 Re3+ 48. Kf2 Ra3 49. Ke2 1/2-1/2

[Event "EU-chT Seniors 05th"]
[Site "Dresden"]
[Date "2003.02.26"]
[Round "4.3"]
[White "Rost van Tonningen, Otto"]
[Black "Stuerzenbaum, Arthur"]
[Result "1/2-1/2"]
[WhiteElo "2212"]
[BlackElo "2194"]
[PlyCount "125"]
[EventDate "2003.02.23"]
[EventType "team-swiss"]
[EventRounds "7"]
[EventCountry "GER"]
[SourceTitle "EXT 2005"]
[Source "ChessBase"]
[SourceDate "2004.11.15"]
[SourceVersion "1"]
[SourceVersionDate "2004.11.15"]
[SourceQuality "1"]

1. d4 Nf6 2. Nf3 g6 3. e3 Bg7 4. Be2 d6 5. 0-0 0-0 6. c4 Nbd7 7. Nc3 e5 8. b4 exd4 9. exd4 c5 10. bxc5 dxc5 11. Bb2 cxd4 12. Nxd4 Nc5 13. Nb3 Qxd1 14. Raxd1 Nfe4 15. Nxe4 Nxe4 16. Bxg7 Kxg7 17. Bf3 f5 18. Rfe1 Be6 19. Bxe4 fxe4 20. Rxe4 Rad8 21. Rde1 Rf6 22. f3 Rd6 23. Nc5 Bc8 24. R4e3 Rc6 25. Ne4 Rfe6 26. c5 Re5 27. h4 h6 28. g4 Re7 29. Kf2 Bd7 30. Nd6 Rxe3 31. Rxe3 Kf8 32. Nxb7 Rc7 33. Nd6 Rxc5 34. a3 Rd5 35. Ne4 Kf7 36. Kg3 a5 37. Nc3 Rc5 38. Ne4 Rd5 39. Nc3 Rc5 40. Rd3 Bc6 41. Re3 Bd7 42. Ne4 Rd5 43. Kf2 Rd1 44. Rc3 Be8 45. Kg3 a4 46. Kf4 Ke6 47. Rc8 Ke7 48. Ke5 Rb1 49. Rc7+ Kd8 50. Rc3 Rb3 51. Kd4 Rb1 52. Nd6 Rd1+ 53. Kc5 Bd7 54. Nf7+ Ke7 55. Ne5 Bc8 56. Nc6+ Kf6 57. Nb4 Rh1 58. Nd5+ Kf7 59. Re3 Rxh4 60. Nc7 Bd7 61. Kd6 Bc8 62. Re7+ Kf6 63. Nd5+ 1/2-1/2

[Event "Wch Seniors 13th"]
[Site "Bad Zwischenahn"]
[Date "2003.??.??"]
[Round "?"]
[White "Stuerzenbaum, Arthur"]
[Black "Arkhangelsky, Boris Nikolaevich"]
[Result "1/2-1/2"]
[WhiteElo "2185"]
[BlackElo "2265"]
[PlyCount "39"]
[EventDate "2003.11.16"]
[EventType "swiss"]
[EventRounds "11"]
[EventCountry "GER"]
[SourceTitle "CBM 097 Extra"]
[Source "ChessBase"]
[SourceDate "2004.01.13"]
[SourceVersion "1"]
[SourceVersionDate "2004.01.13"]
[SourceQuality "1"]

1. e4 c5 2. Nf3 e6 3. d4 cxd4 4. Nxd4 Nc6 5. Nc3 Qc7 6. f4 a6 7. Nxc6 bxc6 8. Bd3 Bc5 9. Qg4 g6 10. Bd2 Rb8 11. 0-0-0 Bd4 12. Na4 Ne7 13. Qg5 d5 14. Bc3 f6 15. Qh6 Bxc3 16. Nxc3 Qa5 17. a3 Qb6 18. b3 Kf7 19. Rhe1 Qf2 20. Kb2 1/2-1/2